000 01983nam a2200361 i 4500
003 OSt
005 20260419120601.0
008 24052t20252025nyua cr6b |00 0 engg|d
020 _a9780358659655
_cRM 87.90
_qpaperback
040 _aPPAK
_beng
_cPPAK
_erda
082 0 4 _223
_a741.5973
090 0 0 _a741.5973
_bCHA
_dK
100 1 _aChang, Cindy,
_eauthor,
_eillustrator.
245 1 0 _aHOW TO DRAW A SECRET /
_cCINDY CHANG ; COLORS BY CHRISTINA ROSE CHUA
250 _aFirst edition.
264 1 _a[New York] :
_bAllida/Harper Alley, imprints of HarperCollins Publishers,
_c[2025]
264 4 _c©2025
300 _a269 pages :
_bchiefly colour illustrations ;
_c20 cm
336 _atext
_2rdacontent
337 _aunmediated
_2rdamedia
338 _avolume
_2rdacarrier
520 _a"Twelve-year-old Cindy relishes drawing flawless images, but she is stumped by an art contest prompt: "What family means to me." No one at school can know that Cindy's dad moved back to Taiwan four years ago, so Cindy sketches out the perfect plan to draw the perfect picture while keeping her parents' separation secret. Then an unexpected trip to Taipei reveals devastating new secrets. Suddenly everything from Cindy's art to her family is falling apart. With her dream of perfection in tatters, Cindy must figure out how to draw from her heart and share her secrets. But can she really reveal the truth, messy lines and all?"--
_cPage 4 of cover
521 1 _aAges 8-12
600 1 0 _aChang, Cindy,
_c(Author and illustrator)
_vComic books, strips, etc.
650 1 0 _aPreteen girls
_vComic books, strips, etc.
650 2 0 _aFamilies
_vComic books, strips, etc.
650 2 0 _aArt
_vComic books, strips, etc.
650 2 0 _aTaiwanese Americans
_vComic books, strips, etc.
650 2 0 _aFathers and daughters
_vComic books, strips, etc.
655 7 _aAutobiographical comics
700 1 _aChua, Christina Rose,
_d1987-
_eillustrator.
942 _2ddc
_cB
999 _c203906
_d203906